Responses for Show #8597 - Tuesday, March 15, 2022

Contestants

[<< previous game]

Simi Landau, an elementary school teacher from Washington, D.C.

Ariel San Jose, a digital marketing manager from South San Francisco, California

Amy Bekkerman, an academic copy editor from Durham, New Hampshire (whose 1-day cash winnings total $16,100)

[next game >>]

Jeopardy! Round responses

FOREIGN WORDS & PHRASES
TV NEWS
FASHION
THE ANCIENT MARINER
WATER, WATER
EVERYWHERE
    $200 18
light

Amy
    $200 26
Mary Tyler Moore

Ariel
    $200 21
beret

Simi
    $200 2
admiral

Amy
    $200 6
(Ariel: What is the Pacific?)
(Simi: What is the Indian?)

the Arctic

AmyArielSimi
    $200 20
Subway

Amy
    $400 17
autobahn

Simi
    $400 27
Law & Order

Ariel
    $400 22
a cummerbund

Amy
    $400 3
Coleridge

Simi
    $400 7
submarine

Simi
    $400 19
an ATM

Simi
    $600 1
slowly

Simi
    $600 28
(Ariel: What is The Morning News?)

The Morning Show

Ariel
Triple Stumper
    $600 23
A-line

Ariel
    $600 14
Florida

Amy
    $600 11
(Simi: What is the Hudson?)
(Ariel: What is the Bronx?)
...
(Ken: You can do your own work as to what the old joke would be.)

Flushing

ArielSimi
Triple Stumper
    $600 8
mites

Amy
    $800 4
(Simi: [After Ken corrects the pronunciation] That's how you pronounce that, okay.)
[Laughter]

bon mot

Simi
    $800 29
The Newsroom

Simi
    $800 24
the Gap

Triple Stumper
    $800 15
Milne

Amy
    $2,000 12
the North Sea

Amy
    $800 9
(Ariel: What is bamboo?)

sugar cane

AmyAriel
    $1000 5
(Ken: Yes, like Uhura on Star Trek.)

uhuru

Simi
    $1000 30
Gabrielle Union

Simi
    $1000 25
(Ken: Less than a minute.)

to blouse

Ariel
    $1000 16
(Amy: What is Arnhem Land?)

the Battle of Jutland

Amy
Triple Stumper
    $1000 13
(Ariel: What is [**]?)
[Ariel's response was ruled incorrect and the decision was reversed after the break.]

the Peru Current (the Chilean)

Ariel
    $1000 10
(Simi: What is iron?)

aluminum

AmySimi

Scores at the first commercial break (after clue 15):

Amy Ariel Simi
$6,200 -$600 $1,400

Scores at the end of the Jeopardy! Round:

Amy Ariel Simi
$6,000 $1,000 $4,200

Double Jeopardy! Round responses

BUILDINGS IN HISTORY
GLOW-POURRI
AUTHORS
MOVIE MADNESS
CLASSICAL MUSIC
CROSSWORD CLUES "Q"
    $400 28
Birmingham

Amy
    $400 27
(Ken: Less than a minute now.)

black light

Ariel
    $400 16
Bridgerton

Amy
    $400 25
the Joker

Amy
    $400 13
the 1812 Overture

Amy
    $400 4
a quip

Amy
    $800 29
New Zealand

Simi
    $800 26
plasma

Simi
    $800 17
Joyce

Amy
    $800 22
(Simi: What is Pulp Fiction?)

Reservoir Dogs

Simi
Triple Stumper
    $800 9
a harpsichord

Amy
    $800 5
quill

Simi
    $1200 14
Rasputin

Amy
    $1200 1
(Ariel: What is the iris?)

the retina

AmyAriel
    $1200 18
Lee Child

Triple Stumper
    $1200 21
Jack Nicholson

Ariel
    $1200 10
(Ariel: Who is Bach? Bach.)

Mendelssohn

AmyAriel
    $1200 6
a quorum

Amy
    $1600 15
a salon

Simi
    $5,000 2
(Ken: The Hindu festival of lights, you are correct.)

Diwali

Amy
    $5,000 19
(Arthur Conan) Doyle

Amy
    $1600 23
(Ken: [*], from Psycho.)

(Norman) Bates

Simi
    $1600 11
Jean Sibelius

Triple Stumper
    $1600 7
quinoa

Amy
    $2000 30
(Ken: At the end of that round, two very important things happened. Ariel, you got back on the plus side, and, Simi, you put yourself within striking range of Amy.)

ronin

Simi
    $2000 3
quinine

Simi
    $2000 20
(Robert) Jordan

Simi
    $2000 24
American Psycho

Simi
    $2000 12
the "Sabre Dance"

Triple Stumper
    $2000 8
[NOTE: Amy's pronunciation was 2 syllables and Ken's was 3 syllables.]

quiescent

Amy

Scores at the end of the Double Jeopardy! Round:

Amy Ariel Simi
$28,000 $200 $17,000

[wagering suggestions for these scores]

Final Jeopardy! Round responses

METEOROLOGY
(Ken: [To Ariel] It's true--you never want to hear a weatherman saying, "Surprise!")
[Laughter]
...
(Ken: [To Amy] Around 1950, the Weather Bureau decided [*] were not impossible to predict but merely very difficult.)
ArielWhat is surprise!?
$199
SimiWhat is hurricane?
$5,000
AmyWhat is tornado
$10,000
tornado

Final scores:

Amy Ariel Simi
$38,000 $1 $12,000
2-day champion: $54,100 3rd place: $1,000 2nd place: $2,000

Game dynamics:

Coryat scores:

Amy Ariel Simi
$20,000 $200 $17,000
26 R
(including 3 DDs),
1 W
7 R,
6 W
19 R,
4 W

Combined Coryat: $37,200

[game clues] [game scores] [suggest correction]

Game tape date: 2022-01-18
The J! Archive is created by fans, for fans. Scraping, republication, monetization, and malicious use prohibited; this site may use cookies and collect identifying information. See terms. The Jeopardy! game show and all elements thereof, including but not limited to copyright and trademark thereto, are the property of Jeopardy Productions, Inc. and are protected under law. This website is not affiliated with, sponsored by, or operated by Jeopardy Productions, Inc. Join the discussion at JBoard.tv.